| 000 | 00498nam a22001697a 4500 | ||
|---|---|---|---|
| 005 | 20251108171101.0 | ||
| 008 | 250721s1988 xx 000 0 ara d | ||
| 082 | 1 | 4 | _a327.16/بوب |
| 100 | 1 | _aبوبوف، يوري | |
| 245 | 1 | 0 | _aالحوار بين الشرق و الغرب / |
| 264 | 1 |
_aدمشق : _bدار الشيخ للدراسات، _c1988. |
|
| 300 | _a276ص | ||
| 650 | 1 | 7 | _aالعلاقات الدولي |
| 650 | 1 | 7 | _aالصراع الدولي |
| 942 |
_2ddc _cBK |
||
| 999 |
_c56187 _d56187 |
||